000 01029nam a2200253Ia 4500
003 OSt
005 20220930094900.0
006 a|||||r|||| 00| 0
007 ta
008 220926b |||||||| |||| 00| 0 hin d
024 _a32468
037 _cTheses
040 _aCRL
_cCRL
_bhin
041 _2hin
_ahin
100 _aकुमारी, शोभा, ले.
110 _aदिल्ली विश्वविद्यालय. कला संकाय. हिन्दी
_9556565
245 0 _aजयशंकर प्रसाद के साहित्य में प्राच्यवाद की निर्मितियाँ
246 _aJayashankar prasād ke sāhitya mean prāchyavād kī nirmitiyāँ
260 _c2014
300 _a301पृ.
_ap.
_ccm.
700 _aदिल्ली विश्वविद्यालय. कला संकाय. हिन्दी
_9556566
942 _cDIS
_2CC
999 _c887853
_d887853